000 01407cam a22004094i 4500
003 PE-LiUPU
005 20250731184546.0
008 150625s r 000 0 d
035 _a(Sirsi) a31811
040 _aPE-LiUPU
_bspa
_cPE-LiUPU
_erda
082 0 4 _a938.97
_bA42
_221
100 1 _aAlonso, Martín,
_eautor.
245 1 0 _aHistoriadores griegos.
264 1 _aMadrid :
_bFareso,
_c1965.
300 _a1687 páginas ;
_c17 cm.
336 _atext
_2rdacontent
337 _aunmediated
_2rdamedia
338 _avolume
_2rdacarrier
505 0 _aTres historiadores de la Grecia Clásica vistas a escala mundial. -Herodoto:Los nueve libros de la historia. -Tucídes: guerras del peloponeso. -Jenofonte anábasis (La retirada de los diez mil).
526 _aP136
526 _aP135
526 _aP134
526 _aP133
526 _aP144
526 _aP143
526 _aP87
526 _aP35
526 _aP20
526 _aP14
526 _aP10
526 _aP06
942 _2ddc
_cBOOK
949 _a938.97 A42
_wDEWEY
_c1
_i36444
_lCCODEBUL1
_mBUL
_p00.00
_r0
_sY
_tBOOK
_u2015-06-25
_xBIBLIOTECA
_zUNKNOWN
_0COMPRA
_o.STAFF. Colección General
596 _a1
999 _a938.97 A42
_wDEWEY
_c39401
_i36444
_f2021-11-8
_g5
_lCCODEBUL1
_mBUL
_r0
_sY
_tBOOK
_u2015-6-25
_xBIBLIOTECA
_zUNKNOWN
_0COMPRA
_o.STAFF. Colección General
_d39401
980 _81
_gALBERTO SANCHEZ Responsable de Automatización